Poistenie liečebných nákladov - súčasnosť a trendy vývoja
Charakteristika poistenia liečebných nákladov. Súčasný stav v poistení liečebných nákladov. Typy poistenia v závislosti od doby pobytu klienta v zahraničí. Ponuka produktov poistenia liečebných nákladov v jednotlivých poisťovniach. Analýza vybraných činiteľov v poistení liečebných nákladov v Slovens...
Enregistré dans:
| Auteur principal: | |
|---|---|
| Autres auteurs: | |
| Format: | Chapitre de livre |
| Langue: | slovaque |
| Sujets: | |
| Tags: |
Pas de tags, Soyez le premier à ajouter un tag!
|
MARC
| LEADER | 00000nla$a2200000$$$4500 | ||
|---|---|---|---|
| 001 | 0123695 | ||
| 005 | 20240502072408.9 | ||
| 041 | 0 | |a slo | |
| 044 | |a SK | ||
| 245 | 1 | 0 | |a Poistenie liečebných nákladov - súčasnosť a trendy vývoja |c Erika Pastoráková, Veronika Mareková |
| 520 | |a Charakteristika poistenia liečebných nákladov. Súčasný stav v poistení liečebných nákladov. Typy poistenia v závislosti od doby pobytu klienta v zahraničí. Ponuka produktov poistenia liečebných nákladov v jednotlivých poisťovniach. Analýza vybraných činiteľov v poistení liečebných nákladov v Slovenskej a Českej republike. Porovnanie výšky poistného krytia poisťovní v SR a ČR. | ||
| 610 | 2 | 0 | |a poisťovníctvo |
| 610 | 2 | 0 | |a poisťovne |
| 610 | 2 | 0 | |a poistenie cestovné |
| 610 | 2 | 0 | |a klienti |
| 610 | 2 | 0 | |a zdravie |
| 610 | 2 | 0 | |a cestujúci |
| 610 | 2 | 0 | |a náklady |
| 610 | 2 | 0 | |a Slovensko |
| 610 | 2 | 0 | |a Česko |
| 100 | 1 | |a Pastoráková, Erika, 1972- | |
| 700 | 1 | |a Mareková, Veronika | |